|
|
|
|
| LEADER |
00000nab a2200000 a 4500 |
| 001 |
vtls000726947 |
| 003 |
SK-MaSNL |
| 005 |
20260304132646.0 |
| 008 |
250429c2000 xo 0 slo |
| 015 |
|
|
|a SNBRB2000/07-18645
|
| 035 |
|
|
|a CLN000079100
|
| 035 |
|
|
|a urn:nbn:sk:snk-ab78xq
|
| 035 |
|
|
|a (uuid)02386c64-837e-4276-af19-d6b6cbc70172
|
| 035 |
|
|
|a (urnnbn)urn:nbn:sk:snk:ar-a077sp
|
| 035 |
|
|
|a (sysno)vtls000726947
|
| 040 |
|
|
|a SNKBUCL
|b slo
|c SNKBUCL
|e AACR2
|
| 041 |
0 |
|
|a eng
|
| 044 |
|
|
|a xo
|c SK
|
| 080 |
|
|
|a 551.24.02(234.372.3)"6236/6237"
|2 1997
|
| 080 |
|
|
|a 551.782.1/.2
|2 1997
|
| 100 |
1 |
|
|a Nemčok, Michal
|4 aut
|9 10352
|
| 245 |
1 |
0 |
|a Calculations of tectonic, magmatic and residual stress in the Štiavnica stratovolcano, Western Carpathians: implications for mineral precipitation paths
|c Michal Nemčok, Patrik Konečný, Ondrej Lexa
|
| 300 |
|
|
|b Obr.
|
| 504 |
|
|
|a Res. angl.
|
| 504 |
|
|
|a Bibliogr. odkazy
|
| 650 |
0 |
7 |
|a stratovulkány
|y miocén
|y pliocén
|z Banská Štiavnica (Slovensko)
|x modely matematické
|2 snkbucl
|9 1448285
|
| 650 |
0 |
7 |
|a geotektonika
|2 SNK
|9 18830
|
| 651 |
|
7 |
|a Banská Štiavnica (Slovensko)
|2 snkbucl
|9 16373
|
| 655 |
|
7 |
|a články z novín a časopisov
|2 snkbucl
|9 267496
|
| 700 |
1 |
|
|a Konečný, Patrik
|4 aut
|9 11614
|
| 700 |
1 |
|
|a Lexa, Ondrej
|4 aut
|9 836925
|
| 773 |
0 |
|
|t Geologica carpathica
|g Roč. 51, č. 1 (2000), s. 19-36
|x 1335-0552
|
| 850 |
|
|
|a Slovenská národná knižnica
|
| 852 |
|
|
|a Slovenská národná knižnica
|
| 958 |
|
|
|a article27
|
| 958 |
|
|
|a SK
|
| 958 |
|
|
|a NB
|
| 958 |
|
|
|a OND
|
| 958 |
|
|
|a EUIPO
|
| 999 |
|
|
|c 2899367
|d 2901297
|